Statistics for Spongebob Squarepants Quiz. YEAH!

Click here to take the quiz!

General Stats

  • This quiz has been taken 56 times
  • The average score is 12 of 29

Answer Stats

HintAnswer% Correct
Main CharacterSpongebob Squarepants
98%
Best FriendPatrick Star
95%
Loves MoneyMr. Krabs
86%
Wants FormulaPlankton
79%
Main Characters PetGary The Snail
74%
From TexasSandy Cheeks
71%
Superhero #1Mermaid Man
69%
Boring NeighborSquidward Tentacles
69%
Computer WifeKaren
67%
Superhero #2Barnacle Boy
64%
Boating InstructorMrs. Puff
64%
Teenage WhalePearl Krabs
62%
I Used Your Clarinet To Unclog MyToilet
48%
Its Not Just A Boulder, Its ARock
43%
The Best Time To Where a Striped Sweater, IsAll The Time
38%
We Should Take Bikini Bottom And Push ItSomewhere Else!
31%
You Don't Need A License To Drive ASandwich
24%
How Much Does A Krabby Patty Cost On Wednesday?99 Cents
19%
How Many Years Did It Take For Squidward To Be Found In The Freezer In "SB-129"?2,000 Years
17%
What Is The Episode Where Patrick Can't Win A Trophy?"Big Pink Loser"
17%
Hmm, A Five Letter Word For HappinessMoney
14%
What Is The Name Of The Bad Biker Gang?The Mild Ones
12%
What Sandwich Did Spongebob have In "Suds"?Sea Nut Butter And Jellyfish Jelly
7%
Why Are You Mad?Because I Can't See My Forehead
5%
Cousin That Plankton Talks to In "Plankton's Army"?Clam
5%
What Is Gary's Full Name?Gary Wilson Jr.
5%
Why Don't You Go Ask Cowbob Ranchpants And His FriendSir-Eats-A Lot
2%
What Does Claustrophobic Mean?It Means He Is Afraid Of Santa Claus
0%
There Are 2 Names For Spongebob's Spatula. What Are They?Spat And Fee Fee
0%

Score Distribution

Percentile by Number Answered

Percent of People with Each Score

Your Score History

You have not taken this quiz